000 01774nam a22001577a 4500
999 _c523595
_d523595
008 230913b ||||| |||| 00| 0 eng d
100 _aDahlan, Nur Dalilah et al
_943621
245 _aPhysical activity as a health determinant in tropical built environments: A multifaceted intervention
260 _aEnvironment and Urbanization ASIA
300 _a14(1), Mar, 2023: p.39-54
520 _aThe changing nature of technology has influenced the physical activity behaviour of working adults in tropical-built environments. Existing physical activity interventions show a lack of diversity in delivery strategies and limited local context community assimilation measures. This study aims to provide a perspective on the interventions implemented to promote physical activity in urban and rural neighbourhoods in tropical regions. Three analytical themes were synthesised from 29 screened qualitative and quantitative literature: the social context, the environmental factors and the mechanisms to promote physical activity in the built environment. The findings recognise the importance of spatial heterogeneity in physical activity promotion at midstream and downstream intervention levels in a tropical built environment. A multifaceted intervention model for positive physical activity behaviour change (MIPA) consisting of built environment variables, micro-climate conscious design, health awareness and self-efficacy factors according to the tropical built environments context is proposed.- Reproduced
650 _aPhysical activity, obesogenic environment, Tropical built, Environment, Multifaceted factors, Microclimate conscious, Health, Self-efficacy.
_940524
773 _aEnvironment and Urbanization ASIA
906 _aHEALTH SERVICES
942 _cAR